| 000 -LEADER |
| fixed length control field |
00506cam a22001217a 4500 |
| 008 - FIXED-LENGTH DATA ELEMENTS--GENERAL INFORMATION |
| fixed length control field |
180718b1962-67 xxu||||| |||| 00| 0 eng d |
| 082 ## - DEWEY DECIMAL CLASSIFICATION NUMBER |
| Classification number |
A99 G561 |
| 100 ## - MAIN ENTRY--PERSONAL NAME |
| Personal name |
Gokhale, Gopal Krishna |
| 245 ## - TITLE STATEMENT |
| Title |
Speeches and writings of |
| Statement of responsibility, etc. |
by G.K. Gokhale |
| 260 ## - PUBLICATION, DISTRIBUTION, ETC. |
| Place of publication, distribution, etc. |
Bombay |
| Name of publisher, distributor, etc. |
Asia |
| Date of publication, distribution, etc. |
1962-67 |
| 300 ## - PHYSICAL DESCRIPTION |
| Extent |
-v- |
| 500 ## - GENERAL NOTE |
| General note |
Contents: v.1: Economic. Edited by R.P. Patwardhan and D.V. Ambekar, 1962; v.2: Political. Edited by D.G. Karve and D.V. Ambekar, 1966; v.3: Educational. Edited by D.G. Karve and D.V. Ambekar, 1966 |